Changing tides /

Marine biologist Ben Ransome understands the sea, but not people. His 16-year-old daughter Caddie is coming to stay the summer, but the sweet, happy child he remembers has been replaced by a wounded, angry stranger who resents everything about her father. Hudson Jones has come to Monterey to find an...

Full description

Bibliographic Details
Main Author: Ford, Michael Thomas
Format: Book
Language:English
Published: New York : Kensington, 2007.
Subjects:

MARC

Tag First Indicator Second Indicator Subfields
LEADER 00000cam a22000008a 4500
001 in00002391721
005 20151109054944.0
008 070531s2007 nyu 000 f eng
015 |a GBA751475  |2 bnb 
016 7 |a 013784067  |2 Uk 
020 |a 9780758210593 (hbk.) 
020 |a 0758210590 (hbk.) 
029 1 |a AU@  |b 000042162249 
035 |a (OCoLC)ocn148733296 
035 |a (OCoLC)148733296 
040 |a UKM  |c UKM  |d BTCTA  |d BAKER  |d CSL  |d YDXCP  |d VP@  |d UtOrBLW 
049 |a TXAM 
050 1 4 |a PS3606.O7424  |b C43 2007 
082 0 4 |a 813.54  |2 22 
082 0 4 |a 813/.6  |2 22 
100 1 |a Ford, Michael Thomas. 
245 1 0 |a Changing tides /  |c Michael Thomas Ford. 
263 |a 200710 
264 1 |a New York :  |b Kensington,  |c 2007. 
300 |a 359 pages ;  |c 24 cm. 
336 |a text  |b txt  |2 rdacontent 
337 |a unmediated  |b n  |2 rdamedia 
338 |a volume  |b nc  |2 rdacarrier 
520 |a Marine biologist Ben Ransome understands the sea, but not people. His 16-year-old daughter Caddie is coming to stay the summer, but the sweet, happy child he remembers has been replaced by a wounded, angry stranger who resents everything about her father. Hudson Jones has come to Monterey to find answers. The young, ambitious graduate student believes he's found a lost Steinbeck novel that hints at the author's love for his best friend. If he can prove it, his career will be made. But first, he'll need some local help in his research, and Ben just may be able to supply him with access. It's clear to Hudson that the handsome, quietly passionate Ben needs some help, too--with his life. Ben and Hudson move from tentative friendship to a surprising, revelatory relationship, even as Ben's daughter embarks on a dangerous course that will test his new happiness.--From publisher description. 
650 0 |a Fathers and daughters  |v Fiction. 
650 0 |a Gay fathers  |v Fiction. 
650 0 |a Gay men  |v Fiction. 
938 |a Baker and Taylor  |b BTCP  |n BK0007075176 
938 |a Baker & Taylor  |b BKTY  |c 24.00  |d 18.00  |i 0758210590  |n 0007075176  |s active 
938 |a YBP Library Services  |b YANK  |n 2714916 
948 |a cataloged  |b h  |c 2008/6/3  |d c  |e ceaton  |f 9:55:07 am 
994 |a C0  |b TXA 
999 |a MARS 
999 f f |s 378c37ea-1f4f-3572-b9a1-e621ca5f5149  |i 7ffc4d2b-2eee-3617-8262-8d8f98ee77cb  |t 0 
952 f f |p ric  |a Texas A&M University  |b Rellis Campus  |c Joint Library Facility  |d Remote Storage  |t 0  |e PS3606.O7424 C43 2007  |h Library of Congress classification  |i unmediated -- volume  |m A14837154358 
998 f f |a PS3606.O7424 C43 2007  |t 0  |l Remote Storage